[Event "Nordkalotten Rapid Gr-2"]
[Site "Gilleleje"]
[Date "2022.11.06"]
[Round "2"]
[White "Nielsen, Kai Gylling"]
[Black "Ramkilde, Mikael"]
[Result "0-1"]
[WhiteElo "1759"]
[BlackElo "1871"]
[PlyCount "78"]
[EventDate "2022.11.06"]
[EventType "tourn (rapid)"]
[EventRounds "7"]
[EventCountry "DEN"]
[SourceTitle "EXT 2024"]
[Source "ChessBase"]
[SourceDate "2023.10.10"]
[SourceVersion "1"]
[SourceVersionDate "2023.10.10"]
[SourceQuality "1"]

1. e4 e6 2. b3 d5 3. exd5 exd5 4. d4 Be6 5. Nf3 Nf6 6. h3 Bd6 7. Bg5 h6 8. Bh4 g5 9. Bg3 Bxg3 10. fxg3 Qd6 11. Ne5 Nbd7 12. Qe2 Ne4 13. Nd2 Nxg3 14. Qf3 Nxh1 15. g3 Nxe5 16. Qxh1 Nc6 17. Qg1 0-0-0 18. Qf2 Rhe8 19. Kd1 Qb4 20. Nf3 g4 21. Qd2 gxf3 22. Qxb4 Nxb4 23. c3 Nc6 24. Kd2 Rg8 25. g4 f5 26. Re1 Bd7 27. gxf5 Bxf5 28. Re3 Be4 29. h4 Rg2+ 30. Bxg2 fxg2 31. Rg3 Ne7 32. Ke1 Nf5 33. Rg4 Nxh4 34. Kf2 Nf5 35. c4 c6 36. cxd5 cxd5 37. Kg1 h5 38. Rg5 h4 39. Rh5 Nxd4 0-1

[Event "Helsingor Xtracon op"]
[Site "Helsingor"]
[Date "2019.07.21"]
[Round "2"]
[White "Nielsen, Aage Sondergaard"]
[Black "Nielsen, Kai Gylling"]
[Result "1-0"]
[WhiteElo "1936"]
[BlackElo "1709"]
[PlyCount "117"]
[EventDate "2019.07.20"]
[EventType "swiss"]
[EventRounds "10"]
[EventCountry "DEN"]
[SourceTitle "CBM 191 Extra"]
[Source "ChessBase"]
[SourceDate "2019.09.30"]
[SourceVersion "1"]
[SourceVersionDate "2019.09.30"]
[SourceQuality "1"]

1. c4 e5 2. Nc3 c6 3. Nf3 Qc7 4. b3 Bb4 5. Bb2 Bxc3 6. Bxc3 d6 7. e4 Nf6 8. Bd3 Nbd7 9. Qe2 0-0 10. Rc1 Nc5 11. Bb1 Ne6 12. g3 c5 13. d3 Nd4 14. Nxd4 exd4 15. Bd2 h6 16. Kd1 a5 17. a4 Ng4 18. h3 Ne5 19. f4 Nc6 20. Kc2 f5 21. Kb2 Bd7 22. Rce1 Rae8 23. g4 g6 24. gxf5 Rxf5 25. Qg2 Rf6 26. Bc2 Kh7 27. Bd1 Bc8 28. Bg4 Nb4 29. Be2 Nc6 30. h4 Qf7 31. Reg1 Rg8 32. Rf1 b6 33. Rf3 Ne7 34. Rg1 Bd7 35. Bd1 Bc6 36. Bc1 Nf5 37. Qf2 Ne7 38. Qd2 Rh8 39. Rfg3 Qf8 40. h5 Be8 41. hxg6+ Rxg6 42. Rxg6 Nxg6 43. f5 Ne5 44. Rh1 Kg8 45. Kc2 Qf6 46. Rxh6 Rxh6 47. Qxh6 Qxh6 48. Bxh6 Nc6 49. Bf4 Ne5 50. Bg5 Kf8 51. Bd8 Nd7 52. Bg4 Ne5 53. Bh3 Nd7 54. f6 Kf7 55. Bxd7 Bxd7 56. Bxb6 Kxf6 57. Bxa5 Bc6 58. Bc7 Ke6 59. Kb2 1-0

[Event "Helsingor Xtracon op"]
[Site "Helsingor"]
[Date "2018.07.28"]
[Round "9"]
[White "Damm, Henrik"]
[Black "Nielsen, Kai Gylling"]
[Result "1-0"]
[WhiteElo "1567"]
[BlackElo "1813"]
[PlyCount "87"]
[EventDate "2018.07.21"]
[EventType "swiss"]
[EventRounds "10"]
[EventCountry "DEN"]
[SourceTitle "CBM 185 Extra"]
[Source "ChessBase"]
[SourceDate "2018.07.29"]
[SourceVersion "1"]
[SourceVersionDate "2018.07.29"]
[SourceQuality "1"]

1. c4 Nf6 2. Nf3 b6 3. g3 Bb7 4. Bg2 e6 5. Nc3 Nc6 6. 0-0 Be7 7. d4 d5 8. cxd5 exd5 9. a3 a5 10. Bf4 Bd6 11. Bxd6 Qxd6 12. Nb5 Qd7 13. Rc1 0-0 14. Re1 Rfc8 15. Rc2 Ne7 16. Nc3 c6 17. e3 b5 18. Ne5 Qd6 19. Nd3 Rc7 20. Qc1 Ba6 21. Nc5 Rca7 22. Ne2 b4 23. a4 Bc8 24. b3 Bf5 25. Rb2 h5 26. f3 Nh7 27. e4 dxe4 28. fxe4 Bg4 29. e5 Qd8 30. Rd2 Ng5 31. Rd3 Nh3+ 32. Bxh3 Bxh3 33. Nf4 Bf5 34. Rd2 g6 35. e6 Nd5 36. exf7+ Kxf7 37. Nfe6 Qd6 38. Rf2 Nf6 39. Qh6 Kg8 40. Rxf5 gxf5 41. Qxf6 Qd5 42. Qg6+ Kh8 43. Qxh5+ Kg8 44. Re5 1-0

[Event "Helsingor Xtracon op"]
[Site "Helsingor"]
[Date "2018.07.25"]
[Round "6"]
[White "Kristiansen, Elias V"]
[Black "Nielsen, Kai Gylling"]
[Result "0-1"]
[WhiteElo "1163"]
[BlackElo "1813"]
[PlyCount "104"]
[EventDate "2018.07.21"]
[EventType "swiss"]
[EventRounds "10"]
[EventCountry "DEN"]
[SourceTitle "CBM 185 Extra"]
[Source "ChessBase"]
[SourceDate "2018.07.29"]
[SourceVersion "1"]
[SourceVersionDate "2018.07.29"]
[SourceQuality "1"]

1. d4 Nf6 2. c4 e6 3. Nc3 d5 4. Bf4 Bd6 5. Qd2 0-0 6. c5 Bxf4 7. Qxf4 c6 8. e3 b5 9. b4 a5 10. Rb1 axb4 11. Rxb4 Qa5 12. Rb3 b4 13. Nge2 Ba6 14. Nxd5 Nxd5 15. Qe4 Bxe2 16. Bxe2 Qxa2 17. Qb1 Nd7 18. Bf3 Rfb8 19. 0-0 Qxb1 20. Rbxb1 f5 21. Rb2 N7f6 22. h3 Ra4 23. g4 fxg4 24. hxg4 g5 25. e4 Nf4 26. Rfb1 Ra3 27. Bd1 Nxe4 28. f3 Nc3 29. Rc1 Nxd1 30. Rxd1 Rxf3 31. Ra1 Rg3+ 32. Kf2 Rg2+ 33. Kf3 Rxb2 34. Ra6 Rc8 35. d5 exd5 36. Ke3 Ne6 37. Rb6 Nxc5 38. Kd4 Nd7 39. Rb7 Nf6 40. Kc5 Nxg4 41. Kd4 h5 42. Kc5 h4 43. Re7 h3 44. Kd6 h2 45. Kd7 Ra8 46. Kxc6 h1Q 47. Kb6 d4 48. Kb5 Qd5+ 49. Kb6 Qd6+ 50. Kb5 Qxe7 51. Kc4 Rd2 52. Kb3 Ra3+ 0-1

[Event "Helsingor Xtracon op"]
[Site "Helsingor"]
[Date "2018.07.22"]
[Round "2"]
[White "Nielsen, Kai Gylling"]
[Black "Ji, Jiabao Eivind"]
[Result "1-0"]
[WhiteElo "1813"]
[BlackElo "1250"]
[PlyCount "55"]
[EventDate "2018.07.21"]
[EventType "swiss"]
[EventRounds "10"]
[EventCountry "DEN"]
[SourceTitle "CBM 185 Extra"]
[Source "ChessBase"]
[SourceDate "2018.07.29"]
[SourceVersion "1"]
[SourceVersionDate "2018.07.29"]
[SourceQuality "1"]

1. e4 c5 2. Nf3 Nc6 3. d4 cxd4 4. Nxd4 Nf6 5. Nc3 e5 6. Nf3 h6 7. a3 Bc5 8. Bc4 Bb6 9. 0-0 0-0 10. h3 d6 11. Qe2 Re8 12. Be3 Bc7 13. Rad1 Be6 14. b4 a6 15. Bc1 Bxc4 16. Qxc4 Re6 17. Nd5 Nxd5 18. exd5 Rg6 19. dxc6 bxc6 20. Nxe5 Re6 21. Nxc6 Qd7 22. Nd4 Re4 23. Qd3 d5 24. Nf3 Rd8 25. Rfe1 Re6 26. Bb2 Rg6 27. Ne5 Bxe5 28. Rxe5 1-0

[Event "Taastrup Winter op 3rd"]
[Site "Taastrup"]
[Date "2018.01.04"]
[Round "5"]
[White "Nielsen, Jan Mose"]
[Black "Nielsen, Kai Gylling"]
[Result "1-0"]
[WhiteElo "2051"]
[BlackElo "1769"]
[PlyCount "81"]
[EventDate "2017.11.09"]
[EventType "swiss"]
[EventRounds "9"]
[EventCountry "DEN"]
[SourceTitle "EXT 2021"]
[Source "ChessBase"]
[SourceDate "2020.10.23"]
[SourceVersion "1"]
[SourceVersionDate "2020.10.23"]
[SourceQuality "1"]

1. e4 e5 2. Bc4 Be7 3. Qh5 g6 4. Qxe5 Nf6 5. c3 Nc6 6. Qf4 0-0 7. d4 Nh5 8. Qf3 Bg5 9. Bxg5 Qxg5 10. Nd2 d6 11. h4 Qe7 12. 0-0-0 Be6 13. Qe3 Bxc4 14. Nxc4 b5 15. Nd2 b4 16. c4 Rfe8 17. g4 Ng7 18. h5 g5 19. h6 Ne6 20. d5 Nf4 21. dxc6 a5 22. Nh3 Qe5 23. Nxf4 gxf4 24. Qd3 f6 25. Rh5 Qe6 26. Qd5 a4 27. Qxe6+ Rxe6 28. Rb5 b3 29. axb3 axb3 30. Rxb3 Ra6 31. Kc2 Rxc6 32. Ra1 Kf7 33. Ra8 Kg6 34. Rg8+ Kf7 35. Rg7+ Kf8 36. Rxh7 Rb6 37. Rxc7 Rxb3 38. Kxb3 Kg8 39. Nf3 Rxe4 40. h7+ Kh8 41. Nh4 1-0

[Event "Hillerod-ch A"]
[Site "Hillerod"]
[Date "2017.05.??"]
[Round "7"]
[White "Tandrup, Michael"]
[Black "Nielsen, Kai Gylling"]
[Result "1/2-1/2"]
[WhiteElo "1906"]
[BlackElo "1815"]
[PlyCount "61"]
[EventDate "2017.05.02"]
[EventType "tourn"]
[EventRounds "7"]
[EventCountry "DEN"]
[SourceTitle "EXT 2023"]
[Source "ChessBase"]
[SourceDate "2022.10.05"]
[SourceVersion "1"]
[SourceVersionDate "2022.10.05"]
[SourceQuality "1"]

1. c4 e5 2. g3 Nf6 3. Bg2 c6 4. d4 Bb4+ 5. Nc3 Qa5 6. dxe5 Qxe5 7. Qd3 Bxc3+ 8. bxc3 0-0 9. Bf4 Qa5 10. Bd6 Re8 11. Nh3 Re6 12. 0-0 Ne8 13. Bb4 Qc7 14. Ng5 Rg6 15. Qe4 Qd8 16. Be7 Qc7 17. Ba3 Qd8 18. h4 d6 19. Qc2 h6 20. Nh3 Bxh3 21. Bxh3 Nd7 22. Rad1 Ne5 23. Bf5 Rf6 24. c5 d5 25. Bc1 Qe7 26. Be3 Nd7 27. Bxd7 Qxd7 28. c4 Nc7 29. Qc1 Re8 30. Bf4 Ne6 31. Bd6 1/2-1/2

[Event "Helsingor Xtracon op"]
[Site "Helsingor"]
[Date "2016.07.24"]
[Round "3"]
[White "Svane, Frederik"]
[Black "Nielsen, Kai Gylling"]
[Result "1-0"]
[WhiteElo "2044"]
[BlackElo "1780"]
[PlyCount "75"]
[EventDate "2016.07.23"]
[EventType "swiss"]
[EventRounds "10"]
[EventCountry "DEN"]
[SourceTitle "CBM 173 Extra"]
[Source "ChessBase"]
[SourceDate "2016.08.29"]
[SourceVersion "1"]
[SourceVersionDate "2016.08.29"]
[SourceQuality "1"]

1. e4 c6 2. d4 d5 3. Nc3 g6 4. Be3 Bg7 5. Qd2 dxe4 6. Nxe4 Nd7 7. Nf3 Ngf6 8. Bd3 Nxe4 9. Bxe4 Nf6 10. Bd3 Ng4 11. 0-0 Nxe3 12. fxe3 0-0 13. Bc4 e6 14. c3 b5 15. Bb3 Qe7 16. a4 Bb7 17. Ne1 Rad8 18. axb5 cxb5 19. Rxa7 Rd7 20. Nd3 Rfd8 21. Qe2 Bd5 22. Rxd7 Rxd7 23. Bxd5 exd5 24. Re1 f5 25. Nc5 Ra7 26. Qxb5 Bh6 27. Qe2 Qd6 28. Qf3 Re7 29. Nd3 Re4 30. g3 Qe7 31. Kf2 Qb7 32. Qd1 Qb8 33. Qa4 Qd8 34. Qc6 Re7 35. Nb4 Rd7 36. Ra1 Qe7 37. Nxd5 Qf7 38. Qxd7 1-0

[Event "Koge Xtracon op"]
[Site "Koge"]
[Date "2015.10.18"]
[Round "9"]
[White "Nielsen, Rogvi Egilstoft"]
[Black "Nielsen, Kai Gylling"]
[Result "1-0"]
[WhiteElo "2301"]
[BlackElo "1755"]
[PlyCount "49"]
[EventDate "2015.10.12"]
[EventType "swiss"]
[EventRounds "9"]
[EventCountry "DEN"]
[SourceTitle "EXT 2017"]
[Source "ChessBase"]
[SourceDate "2016.10.25"]
[SourceVersion "1"]
[SourceVersionDate "2016.10.25"]
[SourceQuality "1"]

1. e4 c6 2. d4 d5 3. exd5 cxd5 4. c4 Nf6 5. Nc3 e6 6. c5 Nc6 7. Nf3 Be7 8. Bb5 Bd7 9. 0-0 0-0 10. Re1 h6 11. Bf4 Nh5 12. Bd2 Nf6 13. Bxc6 Bxc6 14. Ne5 Nd7 15. Qg4 Nxe5 16. Rxe5 f5 17. Qg3 Rf6 18. Rae1 Bd7 19. Nxd5 Qf8 20. Nf4 Qf7 21. d5 Bxc5 22. dxe6 Bxe6 23. Rxe6 Rd8 24. Bc3 Rxe6 25. Nxe6 1-0

[Event "Koge Xtracon op"]
[Site "Koge"]
[Date "2015.10.17"]
[Round "7"]
[White "Andersen, Daniel"]
[Black "Nielsen, Kai Gylling"]
[Result "0-1"]
[WhiteElo "1869"]
[BlackElo "1755"]
[PlyCount "112"]
[EventDate "2015.10.12"]
[EventType "swiss"]
[EventRounds "9"]
[EventCountry "DEN"]
[SourceTitle "CBM 168 Extra"]
[Source "ChessBase"]
[SourceDate "2015.10.29"]
[SourceVersion "1"]
[SourceVersionDate "2015.10.29"]
[SourceQuality "1"]

1. c4 e5 2. Nc3 Nf6 3. Nf3 Nc6 4. e4 d6 5. d4 Bg4 6. d5 Nd4 7. Be3 Nxf3+ 8. gxf3 Bh5 9. Bg2 Be7 10. Ne2 Nd7 11. Qd2 b6 12. f4 Bxe2 13. Qxe2 exf4 14. Bxf4 Ne5 15. Bg3 Ng6 16. f4 Bh4 17. Qg4 Bxg3+ 18. hxg3 Qf6 19. 0-0-0 b5 20. cxb5 Rb8 21. Qe2 0-0 22. Rd2 Rb6 23. Bf1 Rfb8 24. Qf2 Nf8 25. Rh2 Nd7 26. Qd4 Qe7 27. Bc4 Nf6 28. e5 Ng4 29. Rhe2 dxe5 30. fxe5 Qg5 31. d6 cxd6 32. exd6 Nf6 33. Re7 Rd8 34. Rxf7 Kh8 35. d7 Rbb8 36. Qxa7 h5 37. Qd4 Qxg3 38. Rf2 Qg1+ 39. Kc2 Qg6+ 40. Kb3 Rxb5+ 41. Bxb5 Qxf7+ 42. Kb4 Qe7+ 43. Qc5 Qxc5+ 44. Kxc5 Ne4+ 45. Kb6 Nxf2 46. a4 Ne4 47. a5 h4 48. Kc7 h3 49. Bc6 Rxd7+ 50. Kxd7 Nc5+ 51. Kc7 g5 52. Kb6 g4 53. a6 Nxa6 54. Bd7 h2 55. Bc6 Nb4 56. Bg2 Nd3 0-1

[Event "Politiken Cup 37th"]
[Site "Helsingor"]
[Date "2015.07.29"]
[Round "6"]
[White "Fjallheim, Leif Reinert"]
[Black "Nielsen, Kai Gylling"]
[Result "1-0"]
[WhiteElo "1530"]
[BlackElo "1761"]
[PlyCount "97"]
[EventDate "2015.07.25"]
[EventType "swiss"]
[EventRounds "10"]
[EventCountry "DEN"]
[SourceTitle "CBM 167 Extra"]
[Source "ChessBase"]
[SourceDate "2015.09.14"]
[SourceVersion "1"]
[SourceVersionDate "2015.09.14"]
[SourceQuality "1"]

1. e4 b6 2. d4 Bb7 3. Nc3 Nf6 4. Bd3 e6 5. Nf3 Bb4 6. Bd2 Bxc3 7. Bxc3 Nxe4 8. Bxe4 Bxe4 9. 0-0 0-0 10. Nd2 Bb7 11. Qg4 d5 12. Nf3 Nd7 13. Ne5 Nf6 14. Qg3 Ne4 15. Qg4 Nxc3 16. bxc3 c5 17. h4 Rc8 18. Rac1 Qe7 19. h5 h6 20. f4 Rc7 21. Rf3 f5 22. Qh3 Qf6 23. g4 cxd4 24. cxd4 Ba6 25. Kf2 fxg4 26. Qxg4 Qf5 27. c3 b5 28. a3 Bc8 29. Kg3 a5 30. Qxf5 Rxf5 31. Rh1 Ba6 32. Re3 Bc8 33. Kg4 Rf8 34. Rb1 Ba6 35. Rb3 Rfc8 36. Ng6 Kf7 37. f5 exf5+ 38. Kxf5 Re8 39. Rf3 Re4 40. Ne5+ Kg8 41. Ke6 Rh4 42. Kxd5 Bb7+ 43. Kd6 Rxh5 44. Kxc7 Bxf3 45. Nxf3 a4 46. Rb1 Rh3 47. Rf1 g5 48. d5 g4 49. d6 1-0

[Event "Politiken Cup 37th"]
[Site "Helsingor"]
[Date "2015.07.27"]
[Round "4"]
[White "Tandrup, Michael"]
[Black "Nielsen, Kai Gylling"]
[Result "1/2-1/2"]
[WhiteElo "1960"]
[BlackElo "1761"]
[PlyCount "71"]
[EventDate "2015.07.25"]
[EventType "swiss"]
[EventRounds "10"]
[EventCountry "DEN"]
[SourceTitle "CBM 167 Extra"]
[Source "ChessBase"]
[SourceDate "2015.09.14"]
[SourceVersion "1"]
[SourceVersionDate "2015.09.14"]
[SourceQuality "1"]

1. d4 Nf6 2. Nf3 d5 3. c4 c6 4. Qc2 g6 5. e3 Bg7 6. Nbd2 0-0 7. b3 a5 8. Bb2 Na6 9. a3 Bd7 10. Ne5 Bf5 11. Bd3 Bxd3 12. Qxd3 Nd7 13. Ndf3 Nxe5 14. Nxe5 f6 15. Nf3 Nc7 16. h4 Rf7 17. h5 g5 18. Kf1 a4 19. b4 dxc4 20. Qxc4 Qd5 21. Qc2 Qb5+ 22. Kg1 Nd5 23. Rc1 e6 24. Nd2 Qe2 25. Ne4 Qxc2 26. Rxc2 h6 27. Nd6 Rd7 28. Nc4 f5 29. Nd2 Nf6 30. f3 Nd5 31. Kf2 f4 32. Nf1 fxe3+ 33. Nxe3 Nf4 34. Rd2 Rad8 35. g3 Nd5 36. Nxd5 1/2-1/2